Statistics for 11 religions in 2 minutes

Click here to take the quiz!

General Stats

  • This quiz has been taken 926 times
    (910 since last reset)
  • The average score is 7 of 11

Answer Stats

HintAnswer% Correct
Hadith, Five PillarsIslam
92%
Vaishnavism, ShaivismHindu
90%
Star of David, TorahJudaism
90%
Trinity, Paul of TarsusChristianity
83%
The Noble Eightfold path, TheravādaBuddhism
80%
Japan,Shinto
76%
Chinese, HumanismConfucianism
45%
Jamaica, AbrahamicRastafarianism
42%
­The 24 Tirthankaras, Indian religionJainism
41%
Persia, Nine pointed starBahai
26%
Parody, SpaghettiPastafarianism
24%

Score Distribution

Percentile by Number Answered

Percent of People with Each Score

Your Score History

You have not taken this quiz since the last reset